The wonder of Charlie Anne / (Record no. 543)

MARC details
000 -LEADER
fixed length control field 01186nam a22003257a 4500
005 - DATE AND TIME OF LATEST TRANSACTION
control field 20231207152656.0
020 ## - INTERNATIONAL STANDARD BOOK NUMBER
International Standard Book Number 9780375861048 (trade)
020 ## - INTERNATIONAL STANDARD BOOK NUMBER
International Standard Book Number 9780375895555 (ebook)
040 ## - CATALOGING SOURCE
Original cataloging agency DLC
Transcribing agency DLC
Modifying agency DLC
Language of cataloging eng
050 00 - LIBRARY OF CONGRESS CALL NUMBER
Classification number PZ7.F96666
Item number Won 2010
082 00 - DEWEY DECIMAL CLASSIFICATION NUMBER
Classification number [Fic]
Edition number 22
100 1# - MAIN ENTRY--PERSONAL NAME
Personal name Fusco, Kimberly Newton.
245 14 - TITLE STATEMENT
Title The wonder of Charlie Anne /
Statement of responsibility, etc. Kimberly Newton Fusco.
250 ## - EDITION STATEMENT
Edition statement First Scholastic printing, September 2013
260 ## - PUBLICATION, DISTRIBUTION, ETC.
Place of publication, distribution, etc. New York :
Name of publisher, distributor, etc. Scholastic.
Date of publication, distribution, etc. 2010.
300 ## - PHYSICAL DESCRIPTION
Extent 266 pages. ;
Dimensions 20 cm
505 ## - FORMATTED CONTENTS NOTE
Formatted contents note Z'<br/>
520 ## - SUMMARY, ETC.
Summary, etc. In a 1930s Massachusetts farm town torn by the Depression, racial tension, and other hardships, Charlie Anne and her black next-door neighbor Phoebe form a friendship that begins to transform their community.
521 ## - TARGET AUDIENCE NOTE
Target audience note 970 <br/>
Source Lexile<br/>
521 ## - TARGET AUDIENCE NOTE
Target audience note Z'<br/>
Source Raz-Plus<br/>
650 #1 - SUBJECT ADDED ENTRY--TOPICAL TERM
Topical term or geographic name entry element Race relations
Form subdivision Fiction.
650 #1 - SUBJECT ADDED ENTRY--TOPICAL TERM
Topical term or geographic name entry element Farm life
Geographic subdivision Massachusetts
Form subdivision Fiction.
650 #1 - SUBJECT ADDED ENTRY--TOPICAL TERM
Topical term or geographic name entry element Depressions
Chronological subdivision 1929
Form subdivision Fiction.
650 #1 - SUBJECT ADDED ENTRY--TOPICAL TERM
Topical term or geographic name entry element Friendship
Form subdivision Fiction.
650 #1 - SUBJECT ADDED ENTRY--TOPICAL TERM
Topical term or geographic name entry element African Americans
Form subdivision Fiction.
650 #1 - SUBJECT ADDED ENTRY--TOPICAL TERM
Topical term or geographic name entry element Family life
Geographic subdivision Massachusetts
Form subdivision Fiction.
906 ## - LOCAL DATA ELEMENT F, LDF (RLIN)
a 7
b cbc
c orignew
d 1
e ecip
f 20
g y-gencatlg
942 ## - ADDED ENTRY ELEMENTS (KOHA)
Source of classification or shelving scheme Dewey Decimal Classification
Koha item type Books
Suppress in OPAC No
999 ## -
-- 543
-- 543
Holdings
Withdrawn status Lost status Source of classification or shelving scheme Damaged status Not for loan Collection Home library Current library Shelving location Date acquired Total Checkouts Full call number Barcode Date last seen Copy number Price effective from Koha item type Date last checked out
    Dewey Decimal Classification     Fiction Footprints International School Library Network Toul Kork Campus Footprints International School Library Network Toul Kork Campus   06/16/2023   FUS Fic PZ7.F96666 FISTK04855 06/16/2023 1 06/16/2023 Books  
    Dewey Decimal Classification     Fiction Footprints International School Library Network Toul Kork Campus Footprints International School Library Network Toul Kork Campus   12/07/2023   FUS Fic PZ7.F96666 FISSE00438 12/07/2023 2 12/07/2023 Books  
    Dewey Decimal Classification     Fiction Footprints International School Library Network Toul Kork Campus Footprints International School Library Network Toul Tom Poung Campus TTP Secondary Fiction Bookshelves 12/07/2023 1 FUS Fic PZ7.F96666 FISSE00439 02/27/2026 3 12/07/2023 Books 02/02/2026